00474nam a2200193Ia 4500003000400000005001700004008004100021020002200062040000700084041000800091082002200099100002000121245002500141260004500166300002300211365001300234650001200247650002100259OSt20230524113906.0210423s2014 xx 000 0 und d a978-81-8487-329-0 cAL aeng a530.44 223bGHOB aGHOSH (Basudev) aBasic plasma physics aNew DelhibNarosa Publishing Housec2014 axiii,11.26,I.5bPB b250cINR aPhysics aStates of Matter